Les 10 entreprises françaises les plus riches - Statistiques

Statistiques générales
  • Ce quiz a été pris 246 fois
  • Le résultat moyen est 3 sur 10
Statistiques - réponses
Hint Réponse % Correct
2 LVMH
92%
1 TotalEnergies
62%
6 L'Oréal
32%
9 Dior
30%
3 BNP Paribas
26%
5 AXA
19%
7 Crédit Agricole
18%
10 Société Générale
16%
4 Sanofi
9%
8 Vivendi
7%
Aucun quiz correspondant
Distribution des résultats
% des personnes avec chaque résultat
Percentile par nombre de réponses
Votre historique - résultats
Vous n’avez pas pris ce quiz